000 00580nam a2200205 a 4500
001 000008586
005 20200929161352.0
008 090917s2003 pr 000 0 spa d
020 _a9993461687
040 _aDO-SdBNP
082 _a851.92
_bD536d
100 1 _aDi Prieto, Giovanni
_910535
245 1 3 _aEl libro del unicornio /
_cGiovanni Di Pietro.
260 _aSanto Domingo :
_bBúho,
_c2003.
300 _a71 p. : ;
_c19 cm.
500 _aIncluye datos biográficos del autor
650 4 _aPoesía italiana
_94554
650 4 _aLiteratura italiana
_93329
049 _aBNPD
999 _c8356
_d8356